[Event "Skovlunde Capablanca-A"]
[Site "Skovlunde"]
[Date "2003.09.08"]
[Round "3"]
[White "Thestrup, Sixten"]
[Black "Rode, Freddy"]
[Result "1/2-1/2"]
[WhiteElo "1740"]
[BlackElo "1605"]
[PlyCount "78"]
[EventDate "2003.08.25"]
[EventType "tourn"]
[EventRounds "5"]
[EventCountry "DEN"]
[SourceTitle "EXT 2023"]
[Source "ChessBase"]
[SourceDate "2022.10.05"]
[SourceVersion "1"]
[SourceVersionDate "2022.10.05"]
[SourceQuality "1"]

1. e4 c5 2. Nc3 g6 3. f4 e6 4. Nf3 Nc6 5. Bc4 Nge7 6. e5 Nf5 7. Ne4 Be7 8. c3 d5 9. exd6 Nxd6 10. Nxd6+ Qxd6 11. d3 a6 12. a4 Na5 13. Ba2 b5 14. axb5 axb5 15. Be3 Bb7 16. 0-0 0-0 17. d4 Nc4 18. Bxc4 Rxa1 19. Qxa1 bxc4 20. dxc5 Qd3 21. Bd4 Ra8 22. Qc1 Rc8 23. f5 exf5 24. Qh6 Bf8 25. Qh4 Bxc5 26. Bxc5 Rxc5 27. Qe7 Rb5 28. Qe8+ Kg7 29. Qxb5 Qe3+ 30. Kh1 Bxf3 31. gxf3 Qe2 32. Kg1 Qe3+ 33. Kg2 Qd2+ 34. Rf2 Qg5+ 35. Kf1 Qc1+ 36. Ke2 Qc2+ 37. Ke3 f4+ 38. Kxf4 Qxf2 39. Qe5+ Kg8 1/2-1/2